| 000 | 00332nam a22001337a 4500 | ||
|---|---|---|---|
| 020 | _a0-00-7144539-9 | ||
| 082 |
_a823 _bSTI/S |
||
| 100 | _aSTINE, MEGAN | ||
| 245 |
_aMARY-KATE AND ASHLEY SO LITTLE TIME _bGIRL TALK |
||
| 260 |
_aNEW YORK _bPARACHUTE PRESS BOOK _c2003 |
||
| 300 | _a102 | ||
| 650 |
_aNOVEL _zUNITED STATES |
||
| 942 | _cBK | ||
| 999 |
_c2451 _d2451 |
||